| 000 | 00890cam a22002531 4500 | ||
|---|---|---|---|
| 001 | gs 05000807 | ||
| 003 | DLC | ||
| 005 | 20260227111302.0 | ||
| 008 | 730206s1893 dcuf 000 0 eng | ||
| 010 | _ags 05000807 | ||
| 035 | _a(OCoLC)553275 | ||
| 040 |
_aDLC _cODaWU _dOCoLC _dDLC |
||
| 043 | _an-us--- | ||
| 050 | 0 | 0 |
_aQE75 _b.M7 vol. 21 |
| 051 |
_aQE832.C6 _bS4 |
||
| 100 | 1 |
_aScudder, Samuel Hubbard, _d1837-1911. |
|
| 245 | 1 | 0 | _aTertiary rhynchophorous Coleoptera of the United States. |
| 260 |
_aWashington, _bGovt. print. off., _c1893. |
||
| 300 | _a206 p. | ||
| 410 | 2 | 0 |
_aGeological Survey (U.S.). _tMonographs, _vv. 21 |
| 500 | _aAnother issue. 52nd Cong., 2d sess. House. Mis. doc. 118. Added t.p.: The miscellaneous documents of the House of Representatives ... 1892-'93. v. 27. 1894. | ||
| 650 | 0 |
_aBeetles, Fossil _zUnited States. |
|
| 650 | 0 |
_aPaleontology _yTertiary. |
|
| 999 |
_c24294 _d24294 |
||